000 01796nam a2200361 a 4500
001 ebr10614213
003 CaPaEBR
006 m u
007 cr cn|||||||||
008 780316s1978 inuc sb 001 0 eng d
010 _z 78004879
020 _z091396641X
020 _z0913966428 (pbk.)
020 _z9780913966426
020 _z9781614878094 (e-book)
040 _aCaPaEBR
_cCaPaEBR
035 _a(OCoLC)761276246
050 1 4 _aJC571
_b.H39 1978eb
082 0 4 _a323.4
_223
100 1 _aHerbert, Auberon,
_d1838-1906.
245 1 4 _aThe right and wrong of compulsion by the state, and other essays
_h[electronic resource] /
_cAuberon Herbert ; edited and with an introduction by Eric Mack.
260 _aIndianapolis :
_bLiberty Classics,
_cc1978.
300 _a425 p. :
_bport.
504 _aIncludes bibliographical references (p. 27-29) and index.
505 0 _aIntroduction / Eric Mack -- Selective bibliography -- The choices between personal freedom and state protection -- State education: help or hindrance? -- A politician in sight of haven -- The right and wrong of compulsion by the state -- The ethics of dynamite -- Salvation by force -- Lost in the region of phrases -- Mr. Spencer and the great machine -- A plea for voluntaryism -- The principles of voluntaryism and free life -- Index.
533 _aElectronic reproduction.
_bPalo Alto, Calif. :
_cebrary,
_d2011.
_nAvailable via World Wide Web.
_nAccess may be limited to ebrary affiliated libraries.
650 0 _aIndividualism.
650 0 _aLiberty.
655 7 _aElectronic books.
_2local
700 1 _aMack, Eric,
_d1946-
710 2 _aebrary, Inc.
856 4 0 _uhttp://site.ebrary.com/lib/rucke/Doc?id=10614213
_zAn electronic book accessible through the World Wide Web; click to view
999 _c204426
_d204426